| 000 | 01064cam a22002893a 4500 | ||
|---|---|---|---|
| 001 | 4388 | ||
| 005 | 20250602120839.0 | ||
| 020 | _a9780689878381 | ||
| 040 |
_aIKG _cIKG _dBAKER _dXY4 _dDLC _beng |
||
| 050 | 0 | 0 | _aPZ7.L5884 |
| 082 | _2649.62 | ||
| 100 | 1 | _aLewison, Wendy Cheyette | |
| 245 | 1 | 4 |
_aThe princess and the potty / _cby Wendy Cheyette Lewison ; illustrated by Rick Brown |
| 250 | _a2nd Aladdin Paperbacks edition, January 2005 | ||
| 260 |
_aNew York : _bAladdin Paperbacks, _c2005 |
||
| 300 |
_a32 unnumbered pages : _bcolor illustrations ; _c22 cm. |
||
| 490 | _a(Stories to Go!) | ||
| 505 | _aK | ||
| 520 | _aWhen everything fails to persuade the princess to use her potty, the king and queen consult the royal advisor who gives them valuable advice. | ||
| 521 |
_a520
_bLexile |
||
| 521 |
_aK
_bRaz-Plus |
||
| 650 | 1 |
_aToilet training _vFiction. |
|
| 650 | 1 |
_aPrincesses _vFiction. |
|
| 700 | 1 |
_aBrown, Richard E _q(Richard Eric) _d1946, _eillustrator |
|
| 906 |
_a7 _bcbc _ccopycat _d2 _encip _f20 _gy-gencatlg |
||
| 942 |
_2ddc _cBK _n0 |
||
| 999 |
_c4388 _d4388 |
||